Statistics for Countries In Call of War Historic World War

Click here to take the quiz!

General Stats

  • This quiz has been taken 15 times
  • The average score is 37 of 55

Answers on the Map

Answers color-coded by a green-red scale on the quiz's map according to % correct below.
 

Answer Stats

Answer% Correct
Uk
92%
Canada
83%
France
83%
Germany
83%
Portugal
83%
Spain
83%
Usa
83%
Australia
75%
Belgium
75%
Brazil
75%
China
75%
Cuba
75%
Greece
75%
Mexico
75%
Turkey
75%
Argentina
67%
Chile
67%
Costa Rica
67%
Dominican Republic
67%
Finland
67%
Guatemala
67%
Haiti
67%
Hungary
67%
India
67%
Japan
67%
Luxembourg
67%
Netherlands
67%
Poland
67%
Romania
67%
Russia
67%
Saudi Arabia
67%
Slovakia
67%
South Africa
67%
Sweden
67%
Venezuela
67%
Yemen
67%
Bolivia
58%
Colombia
58%
Denmark
58%
Ecuador
58%
Egypt
58%
El Salvador
58%
Estonia
58%
Honduras
58%
Latvia
58%
Lithuania
58%
New Zealand
58%
Nicaragua
58%
Norway
58%
Panama
58%
Paraguay
58%
Peru
58%
Uruguay
58%
Bhutan
50%
Nepal
50%

Score Distribution

Percentile by Number Answered

Percent of People with Each Score

Your Score History

You have not taken this quiz